| 000 | 00000nam##2200000za#4500 |
| 001 | 9.691411 |
| 003 | CaOODSP |
| 005 | 20210624232744 |
| 007 | cr ||||||||||| |
| 008 | 150407|2008||||xxc|||||o f|0| 0 eng|d |
| 020 | |a978-1-100-10617-5 |
| 040 | |aCaOODSP|beng |
| 043 | |an-cn--- |
| 086 | 1 |aH164-95/2008E-PDF |
| 110 | 1 |aCanada. |bHealth Products and Food Branch. |
| 245 | 10|aWhat we heard - key findings from the 360° Assessment of Stakeholder Relations / |h[electronic resource]|c[by] Marketed Health Products Directorate. |
| 260 | |aOttawa - Ontario : |bHealth Canada. |c2008. |
| 300 | |a9p. |
| 590 | |a12-28-Supp|b2012-06-15 |
| 690 | 07|aHealth care products|2gcpds |
| 775 | 08|tCe que nous avons entendu - principales conclusions de l'Évaluation tous azimuts des relations avec les intervenants / |w(CaOODSP)9.635742 |
| 856 | 40|ahttp://publications.gc.ca|qPDF|s164 KB|uhttps://publications.gc.ca/collections/collection_2012/sc-hc/H164-95-2008-eng.pdf |